| 000 | 01362cam a2200349 a 4500 | ||
|---|---|---|---|
| 999 |
_c23709 _d23709 |
||
| 001 | 4346454 | ||
| 003 | OSt | ||
| 005 | 20170127091302.0 | ||
| 008 | 890316s1989 nyua 000 0 eng | ||
| 010 | _a 89045433 | ||
| 020 | _a0847811514 (hardbound) | ||
| 020 | _a0847811263 (softbound) | ||
| 040 |
_aDLC _cDLC _dDLC |
||
| 041 | 1 |
_aeng _hger |
|
| 043 | _ae-gw--- | ||
| 050 | 0 | 0 |
_aNA1088.K48 _bA4 1989 |
| 082 | 0 | 0 |
_a727/.6/00092 _220 |
| 100 | 1 | _aKleihues, Josef Paul. | |
| 245 | 1 | 4 |
_aThe museum projects / _cJosef P. Kleihues ; edited by Kim Shkapich ; [translated from the German by Thomas Rainer Fischer and Christina Rathgeber]. |
| 260 |
_aNew York : _bRizzoli, _c1989. |
||
| 300 |
_a160 p. : _bill. (some col.) ; _c27 cm. |
||
| 500 | _aDialogue: Claus Baldus and Josef P. Kleihues. | ||
| 500 | _aPortions in German and English. | ||
| 600 | 1 | 0 |
_aKleihues, Josef Paul _xThemes, motives. |
| 650 | 0 |
_aMuseum architecture _zGermany (West) _xThemes, motives. |
|
| 700 | 1 | _aShkapich, Kim. | |
| 700 | 1 |
_aBaldus, Claus, _d1947- |
|
| 906 |
_a7 _bcbc _corignew _d2 _eocip _f19 _gy-gencatlg |
||
| 942 |
_2lcc _cBOOKS _hNA 1088 .K48A4 1989 |
||